<?xml version="1.0" encoding="UTF-8"?>
<record
    xmlns:xsi="http://www.w3.org/2001/XMLSchema-instance"
    xsi:schemaLocation="http://www.loc.gov/MARC21/slim http://www.loc.gov/standards/marcxml/schema/MARC21slim.xsd"
    xmlns="http://www.loc.gov/MARC21/slim">

  <leader>01567cam a2200313u  4500</leader>
  <controlfield tag="001">8410</controlfield>
  <controlfield tag="003">FISKH</controlfield>
  <controlfield tag="005">20250910155321.0</controlfield>
  <controlfield tag="008">860127s1969    xx            000 0 eng  </controlfield>
  <datafield tag="010" ind1=" " ind2=" ">
    <subfield code="a">   79098322 </subfield>
  </datafield>
  <datafield tag="020" ind1=" " ind2=" ">
    <subfield code="a">9788772478197</subfield>
  </datafield>
  <datafield tag="035" ind1=" " ind2=" ">
    <subfield code="a">10460423</subfield>
  </datafield>
  <datafield tag="040" ind1=" " ind2=" ">
    <subfield code="a">DLC</subfield>
    <subfield code="c">CarP</subfield>
    <subfield code="d">DLC</subfield>
    <subfield code="b">eng</subfield>
  </datafield>
  <datafield tag="050" ind1=" " ind2=" ">
    <subfield code="a">PZ7 </subfield>
  </datafield>
  <datafield tag="082" ind1=" " ind2=" ">
    <subfield code="a">398.2</subfield>
  </datafield>
  <datafield tag="100" ind1="1" ind2=" ">
    <subfield code="a">Andersen, H. C.</subfield>
    <subfield code="q">(Hans Christian),</subfield>
    <subfield code="d">1805-1875.</subfield>
  </datafield>
  <datafield tag="245" ind1=" " ind2=" ">
    <subfield code="a">The shepherdess and the chimney sweep: </subfield>
    <subfield code="b">Hans christian Andersen fairytales </subfield>
    <subfield code="c">by Hans Christian Andersen ; illustrated by Gustavo Mazali ; Translated by Jean Hersholt</subfield>
  </datafield>
  <datafield tag="260" ind1=" " ind2=" ">
    <subfield code="a">New York : </subfield>
    <subfield code="c">Scandinavia, </subfield>
    <subfield code="b">2005.</subfield>
  </datafield>
  <datafield tag="300" ind1=" " ind2=" ">
    <subfield code="a">24 pages : </subfield>
    <subfield code="b">color illustrations ;</subfield>
    <subfield code="c"> 29 cm</subfield>
  </datafield>
  <datafield tag="505" ind1=" " ind2=" ">
    <subfield code="a">R
</subfield>
  </datafield>
  <datafield tag="520" ind1=" " ind2=" ">
    <subfield code="a">A porcelain shepherdess and a china chimney sweep, standing on a table in a wealthy home, fall in love. But the old carved figure of a satyr, who calls himself their grandfather, wants to marry the shepherdess to a tall, grand porcelain figure. To escape, the two lovers climb up the chimney and out onto the roof. Frightened by the vast world outside, the shepherdess insists they return home. They manage to go back unnoticed, and though still in danger of being forced apart, they remain together on the table, choosing love and closeness over grandeur and adventure.</subfield>
  </datafield>
  <datafield tag="521" ind1="8" ind2=" ">
    <subfield code="a">700
</subfield>
    <subfield code="b">Lexile estimate
</subfield>
  </datafield>
  <datafield tag="521" ind1="8" ind2=" ">
    <subfield code="a">R
</subfield>
    <subfield code="b">Raz-Plus
</subfield>
  </datafield>
  <datafield tag="650" ind1=" " ind2=" ">
    <subfield code="a">Friendship  </subfield>
    <subfield code="v">Courage  </subfield>
    <subfield code="x">Escape</subfield>
  </datafield>
  <datafield tag="700" ind1=" " ind2=" ">
    <subfield code="a">Mazali, Gustavo </subfield>
    <subfield code="e">illustrator </subfield>
  </datafield>
  <datafield tag="906" ind1=" " ind2=" ">
    <subfield code="a">0</subfield>
    <subfield code="b">cbc</subfield>
    <subfield code="c">premunv</subfield>
    <subfield code="d">u</subfield>
    <subfield code="e">ncip</subfield>
    <subfield code="f">19</subfield>
    <subfield code="g">y-gencatlg</subfield>
  </datafield>
  <datafield tag="942" ind1=" " ind2=" ">
    <subfield code="2">ddc</subfield>
    <subfield code="c">BK</subfield>
    <subfield code="n">0</subfield>
  </datafield>
  <datafield tag="999" ind1=" " ind2=" ">
    <subfield code="c">8410</subfield>
    <subfield code="d">8410</subfield>
  </datafield>
  <datafield tag="952" ind1=" " ind2=" ">
    <subfield code="0">0</subfield>
    <subfield code="1">0</subfield>
    <subfield code="2">ddc</subfield>
    <subfield code="4">0</subfield>
    <subfield code="7">0</subfield>
    <subfield code="8">JUVF</subfield>
    <subfield code="a">002</subfield>
    <subfield code="b">002</subfield>
    <subfield code="c">TTP Orange</subfield>
    <subfield code="d">2025-09-10</subfield>
    <subfield code="l">0</subfield>
    <subfield code="o">AND 398.2 PZ7 </subfield>
    <subfield code="p">FISBK00461</subfield>
    <subfield code="r">2025-09-10 15:52:40</subfield>
    <subfield code="t">1</subfield>
    <subfield code="w">2025-09-10</subfield>
    <subfield code="y">BK</subfield>
  </datafield>
</record>
